01353nam a2200313 i 4500001001000000003000900010005001700019007000300036008004100039040003000080082001800110110009700128245016600225264009000391300004500481336002700526337003300553338002800586504003900614590002700653700003600680700003300716700003000749700004500779700005400824942001400878952013000892999001701022000016608DO-SdBNP20250130131014.0ta100308s1986 dr a 000 0 spa d aDO-SdBNPbspacBNPHUerda axxxbE24f2221 aRepública Dominicana.bSecretaría de Estado de Educación, Bellas Artes y Cultos92396510aEducación física /celeboración Jorge B. Fernández M., Germán Rivas Matos, Héctor B. Rivas ; ilustración, Fremio Mejía, Julio César Martínez. 1aSanto Domingo :bSecretaría de Estado de Educación, Bellas Artes y Cultos,c1986. a130 páginas :bilustraciones ;c23 cm. atextobtxt2rdacontent asin mediaciónbn2rdamedia avolumenbnc2rdacarrier aBibliografía : páginas 129-130 aInventariado, 2019/ YL1 aFernández M., Jorge B.9369001 aRivas Matos, Germán9369011 aRivas, Héctor B.9369021 aMejía, Fremio,eilustrador4il.9369031 aMartínez, Julio César,eilustrador4il.91263 2ddccLBS1 00102ddc51708PDaBNPHUbBNPHUcCTd2010-03-08l0oBNPHU PD xxx E24fp16608-10r2020-06-25w2020-06-25yLBS1ZNo se presta c16141d16141